Confieso que he vivido: memorias
Shranjeno v:
| Glavni avtor: | |
|---|---|
| Format: | Knjiga |
| Jezik: | španščina |
| Izdano: |
Santiago
Pehuén
2008
|
| Izdaja: | 3a. ed |
| Serija: | Pehuén Poesía, 7
|
| Teme: | |
| Oznake: |
Označite
Brez oznak, prvi označite!
|
MARC
| LEADER | 00000cam a2200000 a 4500 | ||
|---|---|---|---|
| 001 | UCG9637 | ||
| 003 | CL-VaPUC | ||
| 005 | 20250416120902.0 | ||
| 008 | 120323e20080700CL |||||||||||||||||spa|d | ||
| 999 | |c 347183 |d 347181 | ||
| 020 | |a 9789561603967 | ||
| 040 | |c Pontificia Universidad Católica de Valparaíso | ||
| 082 | 0 | 4 | |a Ch860.92 |b NER |2 21 |
| 100 | |a Neruda, Pablo |e autor |9 306531 | ||
| 245 | 1 | 0 | |a Confieso que he vivido: memorias |
| 250 | |a 3a. ed | ||
| 260 | |a Santiago |b Pehuén |c 2008 | ||
| 300 | |a 472 p | ||
| 490 | 0 | |a Pehuén Poesía, 7 | |
| 583 | |a last modification |c 20120323 11:52:00 |k Rodrigo Vera | ||
| 650 | 0 | |a Autobiografías |9 265171 | |
| 650 | 0 | |a Escritores chilenos |9 420370 | |
| 650 | 0 | |a Vida y obra |9 311871 | |
| 650 | 0 | |a Literatura chilena |9 308278 | |
| 942 | |c BK |2 ddc | ||
| 945 | |d 20120323 00:00:00 |a dcastane | ||
| 952 | |0 0 |1 0 |4 0 |6 CH_860_920000000000000_NER_2008 |7 0 |8 A |9 448356 |a BIBING |b BIBING |d 2019-11-22 |i 4884132 |l 2 |o Ch860.92 NER 2008 |p 4884132 |r 2025-01-20 |s 2024-03-14 |w 2019-11-22 |y BK |k CUI | ||